Library of the University of Algiers 3
Ibrahim Sultan Cheibout
شعار جامعة الجزائر 3
مكتبة جامعة الجزائر 3
إبراهيم سلطان شيبوط

إقتصاديات النقود والتمويل / (رقم التسجيلة. 45578)

تفاصيل مارك
000 -LEADER
fixed length control field 01049nam a2200229Ia 4500
003 - CONTROL NUMBER IDENTIFIER
control field Ost
005 - DATE AND TIME OF LATEST TRANSACTION
control field 20260507075650.0
008 - FIXED-LENGTH DATA ELEMENTS--GENERAL INFORMATION
fixed length control field 260507s9999||||xx |||||||||||||| ||und||
040 ## - CATALOGING SOURCE
Transcribing agency fsecg
041 ## - LANGUAGE CODE
Language code of text/sound track or separate title ara
082 ## - DEWEY DECIMAL CLASSIFICATION NUMBER
Classification number 332.4
100 ## - MAIN ENTRY--PERSONAL NAME
Personal name الخولي، أسامة محمد
Relator term مؤلف
245 #0 - TITLE STATEMENT
Title إقتصاديات النقود والتمويل /
Statement of responsibility, etc. أسامة محمد الخولي
260 ## - PUBLICATION, DISTRIBUTION, ETC.
Place of publication, distribution, etc. الإسكندرية:
Name of publisher, distributor, etc. دار الجامعة الجديدة,
Date of publication, distribution, etc. 2005
300 ## - PHYSICAL DESCRIPTION
Extent 352 صفحة؛
Other physical details إيضاحات ؛
Dimensions 24 سم
520 ## - SUMMARY, ETC.
Summary, etc. النقود والنظام النقدي- تطور النقود وأهميتها- النظام النقدي- المؤسسات النقدية والمالية- البنوك التجارية- التطورات الحديثة في دور البنك المركزي- استقلالية البنك المركزي- البورصات
653 ## - INDEX TERM--UNCONTROLLED
Uncontrolled term الإقتصاد
653 ## - INDEX TERM--UNCONTROLLED
Uncontrolled term التمويل
653 ## - INDEX TERM--UNCONTROLLED
Uncontrolled term النقود
700 ## - ADDED ENTRY--PERSONAL NAME
Personal name عوض الله، زينب
Relator term مؤلف ثانوي
942 ## - ADDED ENTRY ELEMENTS (KOHA)
Koha item type كتب
المقتنيات
Withdrawn status Lost status Source of classification or shelving scheme Damaged status Not for loan Home library Current library Date acquired Serial enumeration / chronology Inventory number Total checkouts Full call number Barcode Date last seen Price effective from Koha item type
    Dewey Decimal Classification   Available مكتبة كلية العلوم الإقتصادية والعلوم التجارية وعلوم التسيير مكتبة كلية العلوم الإقتصادية والعلوم التجارية وعلوم التسيير 07/05/2026 مكتبة بن عكنون 1711/9   أ/1711ن9 1711/9 07/05/2026 07/05/2026 كتب

موارد الويب المفتوحة


© University of Algiers 3 All Rights Reserved
|
Implemented by LECHELAH Riad